MDQL
is popping MORE tags! Check the
thread
!
Quizzes
Events
Quiz Creation
Community
Videos
Private Events
Remove Ads
Sign In
Join for FREE
Feedback
Dark Mode
Quiz Categories
Sports
Geography
Music
Movies
Television
Just For Fun
Miscellaneous
History
Literature
Language
Science
Gaming
Entertainment
Religion
Holiday
For Kids
Quiz Lab
Recent
Popular Today
Quiz Kudos Today
Editor Picks
Curator Picks
Quizzes by...
Day
Popularity
Type
Ratings
Length
Year
Community
Subscriptions
Recent Discussions
Orange Saloon
Badges
Playlists
Quests
Create
Leaderboards
Showdown
Live 5
Trivia Bingo
Activity
Puzzle Library
Sporcle Events
Private Events
Virtual Trivia
Globe League
Become a Host
Pub Owners
SporcleCon
Opinionation
Our Games
Videos
Blog
Mobile Apps
Partnerships
Remove Ads and Go Orange
Feedback
Sports
Athletes
MLB
NBA
NHL
NFL
Soccer
Sports Teams
WWE
NCAA
Football
Premier League
Basketball
Baseball
Hockey
Golf
Tennis
Cricket
Rugby
Auto Racing
Olympics
World Cup
Sports
Athletes
MLB
NBA
NHL
NFL
Soccer
Sports Teams
WWE
NCAA
Football
Premier League
Basketball
Baseball
Hockey
Golf
Tennis
Cricket
Rugby
Auto Racing
Olympics
World Cup
Random Quiz
Search Sporcle
×
Quiz Lab
Quiz Lab
Sports
Young
Type in answers that appear in a list
Type in answers that appear in a list
Classic
Best Score? Go Orange.
1990s Cy Young Voting Stats
Can you name the Pitchers Who Finished in the Top Five in the 1990s Cy Young Voting?
By
bakeet14
10m
102 Questions
2,290 Plays
2,290 Plays
2,290 Plays
Comments
Comments
Give Quiz Kudos
Give Quiz Kudos
-
- Ratings
hide this ad
More Info
Replay
Link that replays current quiz
Next Quiz
Link to next quiz in quiz playlist
You Got
0%
They Got
Avg Score
64%
Avg Friend Score
Upgrade to see
Score Distribution
Jump to the score distribution portion of the page
Score
0/102
Timer
10:00
0
Plays Today
% Correct
Greg Maddux
98.6%
Greg Maddux
98.6%
Greg Maddux
98.6%
Greg Maddux
98.6%
Greg Maddux
98.6%
Greg Maddux
98.6%
Greg Maddux
98.6%
Roger Clemens
98.3%
Roger Clemens
98.3%
Roger Clemens
98.3%
Roger Clemens
98.3%
Roger Clemens
98.3%
Tom Glavine
98.3%
Tom Glavine
98.3%
Tom Glavine
98.3%
Tom Glavine
98.3%
Tom Glavine
98.3%
Randy Johnson
97.9%
Randy Johnson
97.9%
Randy Johnson
97.9%
Randy Johnson
97.9%
Randy Johnson
97.9%
John Smoltz
97%
John Smoltz
97%
Pedro Martinez
96.7%
Pedro Martinez
96.7%
Pedro Martinez
96.7%
Ramon Martinez
96.6%
Ramon Martinez
96.6%
Dennis Martinez
96.5%
Mike Mussina
86.2%
Mike Mussina
86.2%
Mike Mussina
86.2%
Mike Mussina
86.2%
% Correct
Mike Mussina
86.2%
David Cone
84.9%
David Cone
84.9%
David Cone
84.9%
Dennis Eckersley
81.3%
Dennis Eckersley
81.3%
Andy Pettitte
80.8%
Andy Pettitte
80.8%
Curt Schilling
77.2%
David Wells
76.5%
Kevin Brown
72.8%
Kevin Brown
72.8%
Mariano Rivera
70.2%
Mariano Rivera
70.2%
Dwight Gooden
69.7%
Dave Stewart
67.1%
Jack Morris
65.5%
Jack Morris
65.5%
Jack McDowell
64.5%
Jack McDowell
64.5%
Doug Drabek
64.3%
Doug Drabek
64.3%
Doug Drabek
64.3%
Pat Hentgen
61.6%
Bret Saberhagen
56.2%
Mike Hampton
55.2%
Trevor Hoffman
54%
Trevor Hoffman
54%
Bob Welch
53.4%
Jose Rijo
53.2%
Jose Rijo
53.2%
Jimmy Key
52.1%
Jimmy Key
52.1%
Lee Smith
51.3%
% Correct
Lee Smith
51.3%
Lee Smith
51.3%
Kevin Millwood
47.6%
Charles Nagy
45.8%
Frank Viola
45.5%
Brad Radke
40.4%
Dave Stieb
40.3%
Bartolo Colon
38.5%
Hideo Nomo
38.2%
Hideo Nomo
38.2%
Tim Wakefield
37%
Denny Neagle
35.5%
Scott Erickson
34.4%
Bobby Thigpen
34.2%
Kevin Appier
34.1%
Jose Mesa
33.9%
Randy Myers
33.7%
Randy Myers
33.7%
Billy Wagner
33.5%
Darryl Kile
33.3%
John Burkett
26.8%
John Smiley
26.4%
Jose Lima
25.2%
Jim Abbott
22.8%
Bill Swift
20.6%
Ken Hill
20.4%
Andy Benes
17%
Duane Ward
15.9%
Bob Tewksbury
15.1%
Aaron Sele
11.7%
Todd Worrell
10.1%
Bryan Harvey
10.1%
Pete Schourek
9%
Marvin Freeman
5.5%
Quiz Playlist
Details
Report
Send in Message
Add To Playlist
More Info:
Only four players received votes in the 1998 AL Cy Young voting
Classic:
Type in answers that appear in a list
Quiz Source
Last Updated: Feb 16, 2017
Quiz Scoreboard
CHALLENGE
Sign Up to Join the Scoreboard
Show All
Scores
Hide
Comments
May contain spoilers
Recently Published
Image Sorting: Flags VI
by Barbecue
Geography
2m
Find the 'City' Movie
by crazypaving
Movies
60s
Colored Red Africa Blitz
by spor1
Geography
45s
More to Explore
Quiz From the Vault
Featured Blog Post
14 Easter Pick-up Lines to Find Eggs With
hide this ad
You Might Also Like...
Tags
1990
Cy Young
Finished
Five
Pitchers
Top Five
Voting
Young
Today's Top Quizzes in Sports
Browse Sports
hide this ad
Today's Top Quizzes in Young
Browse Young
Top Contributed Quizzes in Sports
1
Les meilleurs buteurs des matchs entre le PSG et l’OM
2
Les entraîneurs de l'OM et du PSG au 21e siècle
3
2022 World Cup Stars
4
Les joueurs passés par le PSG et l'OM
5
Players with Multiple 50 Home Run Seasons
6
Criteria MLB: Left Handed Sluggers
7
FIFA Club World Cup Champions
8
Les joueurs passés par le LOSC et le RC Lens
9
NBA Logic Puzzle 2.0
10
Top 10 NHL Goal Scorers of All Time
Explore More
Trending Topics
Marvel
Harry Potter
Anime
NBA
Kpop
Disney
Crossword
Country
Puzzle
Song
NFL
Pokémon
The Office
Soccer
WWE
hide this ad
More By:
bakeet14
Quiz
Plays
Rating
Category
Featured
Created
2000s Cy Young Voting
9,234
4.53
Sports
May 31, 2010
1990s Cy Young Voting
2,290
4.47
Sports
May 18, 2010
1980s Cy Young Voting
725
4.33
Sports
May 13, 2010
Best Players to Never Win a World Series
589
3.00
Sports
Apr 18, 2010
Top 50 Golf Courses in the U.S. (2009)
263
5.00
Sports
Apr 10, 2010
Go to Creator's Profile
Score Distribution
Quiz Creator Spotlight
bakeet14
Follow
Send a Message
Quizzes Created
-
Created Quiz Play Count
-
More By This Creator
Popular Quizzes Today
1
Colored Red Africa Blitz
2
Find the US States - No Outlines Minefield
3
Find the 'City' Movie
4
5x2 Blitz: Bands
5
The Countries of the World
6
Find the US States
7
Find the Countries of Europe - No Outlines Minefield
8
US States
More Sports Quizzes
Test Match Run Scorers
Published
Trending Quizzes
Colored Red Europe Blitz I
Colored Red Africa Blitz II
Colored Red Europe Blitz II
Colored Red Africa Blitz III
Colored Red Europe Blitz III
Recently Updated
How Do You Spell That?
pecheneg
Godzilla Movies
pecheneg
Grab Bag: 4-10 Letters
pecheneg
2024 March Madness Bracket
pecheneg
Famous TV Couples
Peacemaker
Champions League XIs: Real Madrid
pecheneg
Largest US Cities 1790-2010
pecheneg
Rides in Walt Disney World
pecheneg
Most Oscar Losses (Acting)
pecheneg
Beyoncé Albums
pecheneg
Trending Topics
NBA
Crossword
Marvel
Anime
Harry Potter
Kpop
Disney
NFL
Soccer
Pokémon
WWE
The Office
Puzzle
Country
Song
Your Account Isn't Verified!
In order to create a playlist on Sporcle, you need to verify the email address you used during registration. Go to your
Sporcle Settings
to finish the process.
Report this User
Report this user for behavior that violates our
Community Guidelines
.
Details:
Send Report
Go to the Sporcle.com Mobile Site →
Comments